00988nam a2200241Ia 4500001000600000003000900006008004100015040001300056040001300069041001200082100001700094100002900111245007500140245005600215250001100271260001700282260002200299260004900321300005900370500025100429650003500680650003100715D5209IT-RoPAU130308s9999 xx 000 0 und d aIT-RoPAU cIT-RoPAU aINGLESE aDowning John gCodice Aut. SPICS: 29601 aSpanish-Language Media in the Greater New York Region During the 1980S bEthnic Minority Media. An International Perspective a1a ed. aNEWBURY PARK bSage Publications c1992 [1° Ed.:1992 - Ed.Ling.Originale:1992] a"20 p. (prefazione: no ; testo: 20 [pagine: 256-275])" aMedia in Lingua spagnola nella Piu' Grande regione di New York Durante Glianni 80. Nazionalità e classe Sociale dei Latini nella Regione. giornale El Diario la Prensa. quotidiano noticias del Mundo. Radio Wado. Wxtv, canale 41. Wnju, canale 47. aSAGGI DI COMUNICAZIONE SOCIALE eCodice materia Spics: 3807